सय (Record no. 96899)

MARC details
000 -LEADER
fixed length control field 00462nam a2200181Ia 4500
008 - FIXED-LENGTH DATA ELEMENTS--GENERAL INFORMATION
fixed length control field 090124s9999 xx 000 0 und d
082 ## - DEWEY DECIMAL CLASSIFICATION NUMBER
Item number 30423
100 ## - MAIN ENTRY--PERSONAL NAME
Personal name पठाण यू. म.
245 ## - TITLE STATEMENT
Title सय
250 ## - EDITION STATEMENT
Edition statement 1
260 ## - PUBLICATION, DISTRIBUTION, ETC. (IMPRINT)
Name of publisher, distributor, etc मधुराज पब्लिकेशन्स
Date of publication, distribution, etc 1992
300 ## - PHYSICAL DESCRIPTION
Extent 116
600 ## - SUBJECT ADDED ENTRY--PERSONAL NAME
Personal name पठाण यू. म.
630 ## - SUBJECT ADDED ENTRY--UNIFORM TITLE
Uniform title सय
700 ## - ADDED ENTRY--PERSONAL NAME
Personal name पठाण यू. म.
730 ## - ADDED ENTRY--UNIFORM TITLE
Uniform title सय
942 ## - ADDED ENTRY ELEMENTS (KOHA)
Koha item type Book
Holdings
Withdrawn status Lost status Damaged status Not for loan Home library Current library Date acquired Cost, normal purchase price Total Checkouts Full call number Barcode Date last seen Cost, replacement price Price effective from Koha item type
        Nagar Wachan Mandir, Thane Nagar Wachan Mandir, Thane   55.00   30423 THNNWM-30423 01/24/2009 55.00 01/24/2009 Book